000
00180 a2200097 4500
020
_a
072742005995
041
_a
eng
100
_a
Kurtz, Katherine
245
_a
The Adept
942
_c
BK
999
_c
7861
_d
7861